Faktory fungovania efektívneho e-shopu v oblasti produkcie informačných technológií dizertačná práca

Salvato in:
Dettagli Bibliografici
Autore principale: Mikulíková, Lenka
Ente Autore: Obchodná fakulta EU. Katedra marketingu
Altri autori: Richterová, Kornélia
Natura: Libro
Lingua:slovacco
Pubblicazione: Bratislava 2014
Soggetti:
Tags: Aggiungi Tag
Nessun Tag, puoi essere il primo ad aggiungerne!!

MARC

LEADER 00000nbm a2200000 4500
001 0188156
005 20240502073207.7
041 0 |a slo 
044 |a SK 
245 1 0 |a Faktory fungovania efektívneho e-shopu v oblasti produkcie informačných technológií  |b dizertačná práca  |c Lenka Mikulíková ; školiteľ: Kornélia Richterová 
264 1 |a Bratislava  |c 2014 
300 |a 164 s. 
610 2 0 |a technológie informačné 
610 2 0 |a obchod elektronický 
610 2 0 |a podnik malý 
610 2 0 |a podnik stredný 
610 2 0 |a podnikanie elektronické 
610 2 0 |a stratégia podnikateľská 
610 2 0 |a stratégia podniková 
100 1 |a Mikulíková, Lenka 
700 1 |a Richterová, Kornélia 
710 2 |a Obchodná fakulta EU. Katedra marketingu